Competition law and the enforcementof article 102 / (Record no. 11581)

MARC details
000 -LEADER
fixed length control field 00780cam a22002292 4500
001 - CONTROL NUMBER
control field 0000024596
005 - DATE AND TIME OF LATEST TRANSACTION
control field 20151217154513.0
008 - FIXED-LENGTH DATA ELEMENTS--GENERAL INFORMATION
fixed length control field 140109s xx 000 0 eng d
020 ## - INTERNATIONAL STANDARD BOOK NUMBER
International Standard Book Number 0199586189 :
040 ## - CATALOGING SOURCE
Original cataloging agency KABU
Transcribing agency KABU
100 1# - MAIN ENTRY--PERSONAL NAME
Personal name Etro, Federico.
-- 0000184933
245 10 - TITLE STATEMENT
Title Competition law and the enforcementof article 102 /
Statement of responsibility, etc. Federico Etro and Ioannis Kokkoris.
250 ## - EDITION STATEMENT
Edition statement 1st ed.
260 ## - PUBLICATION, DISTRIBUTION, ETC. (IMPRINT)
Place of publication, distribution, etc. Oxford :
Name of publisher, distributor, etc. O. U. P.,
Date of publication, distribution, etc. 2011.
300 ## - PHYSICAL DESCRIPTION
Extent xxiv, 224 p.
630 00 - SUBJECT ADDED ENTRY--UNIFORM TITLE
Uniform title Treaty Establishing the European Economic Community
Date of treaty signing 1957.
-- 0000184934
650 #0 - SUBJECT ADDED ENTRY--TOPICAL TERM
Topical term or geographic name as entry element Antitrust law
Geographic subdivision European Union countries.
-- 0000166132
700 1# - ADDED ENTRY--PERSONAL NAME
Personal name Kokkoris, Ioannis.
-- 0000184935
852 1# - LOCATION
-- p16875 KES
908 ## - PUT COMMAND PARAMETER (RLIN)
Put command parameter 140109
950 ## - LOCAL HOLDINGS (RLIN)
-- 1
Holdings
Withdrawn status Lost status Source of classification or shelving scheme Not for loan Home library Current library Date acquired Total Checkouts Full call number Barcode Date last seen Price effective from Koha item type
    Library of Congress Classification   Kabarak, Main Campus Kabarak, Main Campus 17/12/2015   KJE6497 .E87 2011 c. 1 016324 17/12/2015 17/12/2015 General Collection
Designed with assistance from East African Informatics Ltd